| 000 | 01276nam a22003497a 4500 | ||
|---|---|---|---|
| 003 | CHAP | ||
| 005 | 20220329140240.0 | ||
| 008 | 971013s1983 r 00010 d | ||
| 010 | _a49206 | ||
| 011 | _a50178 | ||
| 035 | _a54328 | ||
| 040 | _cCHAP | ||
| 082 | 0 | 4 |
_a519.54 _bR5 |
| 100 | 0 | 0 |
_aRivero Baños, D. Pioquinto. _997790 |
| 245 | 1 | 0 | _aModelos para la toma de decisiones |
| 260 |
_aChapingo, Méx. : _bUACH. Departamento de Bosques, _c1983 |
||
| 300 |
_a142 p. : _bgráfs. ; cuadros. |
||
| 490 |
_aBoletín técnico _v; 16 |
||
| 590 |
_aBATCH-UPD _b10 _c20130110 _lUCH01 _h1918 |
||
| 590 |
_aBATCH-UPD _b10 _c20130410 _lUCH01 _h1244 |
||
| 590 |
_aBATCH-UPD _b10 _c20130914 _lUCH01 _h0654 |
||
| 590 |
_aCONVERSION _b10 _c20130109 _lUCH01 _h1327 |
||
| 650 | 1 | 4 |
_aToma de decisiones. _9113662 |
| 830 | 0 |
_aBoletín técnico _v; 16 _913560 |
|
| 901 | _aBK | ||
| 942 | _cLIBRO | ||
| 949 |
_a519.54 R5 _bBC _cLIBRO _d33724000386892 _eLIBRO _fc.2 _h61831 _i54328 _si |
||
| 949 |
_a519.54 R5 _bBC _cLIBRO _d33724000684197 _eLIBRO _fc.3 _h61832 _i54328 _sb |
||
| 949 |
_a519.54 R5 _bBC _cLIBRO _d33724002060116 _eLIBRO _fc.4 _h62684 _i54328 _sb |
||
| 949 |
_a519.54 R5 _bBC _cLIBRO _d33724002060157 _eLIBRO _fc.5 _h63536 _i54328 _sb |
||
| 949 |
_a519.54 R5 _bBC _cUACH _d33724000386934 _eUACH _h61830 _i54328 _si |
||
| 999 |
_c49206 _d49206 |
||